Công nghệ 7 : Nông nghiệp
Sách gồm nội dung những kiến thức phổ thông,, cơ bản, những nguyên lí kĩ thuật, những qui trình sản xuất về nông nghiệp và ngư nghiệp, kĩ thuật gieo trồng, chăm sóc, khai thác và bảo vệ cây rừng. Các kiến thức này các em có thể ứng dụ...
保存先:
| 第一著者: | |
|---|---|
| フォーマット: | 図書 |
| 言語: | Undetermined |
| 出版事項: |
Hà Nội
Giáo dục
2010
|
| 主題: | |
| タグ: |
タグ追加
タグなし, このレコードへの初めてのタグを付けませんか!
|
| Thư viện lưu trữ: | Trung tâm Học liệu Trường Đại học Cần Thơ |
|---|
| LEADER | 01083nam a2200229Ia 4500 | ||
|---|---|---|---|
| 001 | CTU_157986 | ||
| 008 | 210402s9999 xx 000 0 und d | ||
| 020 | |c 9900 | ||
| 082 | |a 630.712 | ||
| 082 | |b Đ561/L.7 | ||
| 100 | |a Nguyễn, Minh Đường | ||
| 245 | 0 | |a Công nghệ 7 : | |
| 245 | 0 | |b Nông nghiệp | |
| 245 | 0 | |c Nguyễn Minh Đường (Tổng chủ biên) | |
| 260 | |a Hà Nội | ||
| 260 | |b Giáo dục | ||
| 260 | |c 2010 | ||
| 520 | |a Sách gồm nội dung những kiến thức phổ thông,, cơ bản, những nguyên lí kĩ thuật, những qui trình sản xuất về nông nghiệp và ngư nghiệp, kĩ thuật gieo trồng, chăm sóc, khai thác và bảo vệ cây rừng. Các kiến thức này các em có thể ứng dụng trong sản xuất và đời sống. | ||
| 650 | |a Agriculture | ||
| 650 | |x Study and teaching (Secondary) | ||
| 904 | |i Phan Thị Kim Lan (Đào Thị Bé Ba) | ||
| 980 | |a Trung tâm Học liệu Trường Đại học Cần Thơ | ||